[Event "GEO-ch Blitz"]
[Site "Tbilisi"]
[Date "2023.12.06"]
[Round "4"]
[White "Azaladze, Shota"]
[Black "Tabatadze, Erekle"]
[Result "0-1"]
[WhiteElo "2338"]
[BlackElo "1831"]
[PlyCount "86"]
[EventDate "2023.12.05"]
[EventType "swiss (blitz)"]
[EventRounds "13"]
[EventCountry "GEO"]
[SourceTitle "CB50_2023"]
[SourceDate "2023.12.13"]
[SourceVersion "1"]
[SourceVersionDate "2023.12.13"]
[SourceQuality "1"]

1. c4 c5 2. Nc3 Nc6 3. g3 g6 4. Bg2 Bg7 5. Nh3 d6 6. Nf4 Nf6 7. h4 h5 8. d3 0-0 9. Bd2 Bg4 10. 0-0 Qc8 11. Re1 a6 12. Rb1 Rb8 13. a3 b5 14. cxb5 axb5 15. b4 cxb4 16. axb4 Bd7 17. Rc1 Qa6 18. Ncd5 Nxd5 19. Nxd5 Kh7 20. Bc3 Bxc3 21. Rxc3 Rbc8 22. Qd2 Be6 23. Nf4 Bd7 24. d4 Qa7 25. Rd1 Nb8 26. Nd5 Be6 27. Nf4 Rxc3 28. Nxe6 Rfc8 29. Ng5+ Kg7 30. Qf4 e6 31. Ne4 Qe7 32. Nxc3 Rxc3 33. Ra1 Nd7 34. Ra7 Rc8 35. Rb7 Rc4 36. Rxb5 e5 37. Qe3 Rxd4 38. Rb7 Qe6 39. b5 Nf6 40. Qc1 Qb3 41. Qc7 Rd1+ 42. Bf1 Qd5 43. b6 Rxf1+ 0-1

[Event "Titled Tuesday intern op 11th Oct Late"]
[Site "Chess.com INT"]
[Date "2022.10.11"]
[Round "3"]
[White "Vazquez, Guillermo"]
[Black "Azaladze, Shota"]
[Result "1-0"]
[WhiteElo "2573"]
[BlackElo "2377"]
[PlyCount "85"]
[EventDate "2022.10.11"]
[EventType "swiss (blitz)"]
[EventRounds "11"]
[EventCountry "USA"]
[SourceTitle "EXT 2024"]
[Source "ChessBase"]
[SourceDate "2023.10.10"]
[SourceVersion "1"]
[SourceVersionDate "2023.10.10"]
[SourceQuality "1"]

1. b3 c5 2. Bb2 Nc6 3. c4 d6 4. Nc3 Nf6 5. g3 e6 6. Bg2 Be7 7. Nf3 0-0 8. d4 Bd7 9. d5 exd5 10. cxd5 Nb4 11. 0-0 Re8 12. e4 Bg4 13. h3 Bxf3 14. Bxf3 Nd7 15. a3 Na6 16. Bg2 Bf6 17. f4 Bd4+ 18. Kh1 Nc7 19. Qc2 Qf6 20. Rad1 Re7 21. e5 Qh6 22. Ne4 Ne8 23. Bc1 f5 24. Ng5 Qg6 25. e6 Ndf6 26. g4 fxg4 27. Qe2 Qh5 28. b4 b6 29. f5 Nc7 30. Bf4 Rd8 31. bxc5 bxc5 32. Nf7 Rxf7 33. exf7+ Kxf7 34. Rb1 Kg8 35. Rb7 Re8 36. Qd1 Ncxd5 37. Qb3 gxh3 38. Bxd5+ Nxd5 39. Qxd5+ Kh8 40. Qf3 Qxf5 41. Bg3 Qg6 42. Qf8+ Rxf8 43. Rxf8# 1-0

[Event "Titled Tuesday intern op 27th Sep Early"]
[Site "Chess.com INT"]
[Date "2022.09.27"]
[Round "7"]
[White "Le, Tuan Minh"]
[Black "Azaladze, Shota"]
[Result "1-0"]
[WhiteElo "2542"]
[BlackElo "2377"]
[PlyCount "89"]
[EventDate "2022.09.27"]
[EventType "swiss (blitz)"]
[EventRounds "11"]
[EventCountry "USA"]
[SourceTitle "CBM 210 Extra"]
[Source "ChessBase"]
[SourceDate "2022.11.30"]
[SourceVersion "1"]
[SourceVersionDate "2022.11.30"]
[SourceQuality "1"]

1. d4 g6 2. e4 Bg7 3. Nf3 d6 4. Bc4 c6 5. Nc3 Nf6 6. Bb3 0-0 7. 0-0 Bg4 8. h3 Bxf3 9. Qxf3 Nbd7 10. Be3 e6 11. Rad1 d5 12. Rfe1 a5 13. a4 Qb6 14. Bg5 dxe4 15. Nxe4 Nxe4 16. Qxe4 Nf6 17. Qf3 Nd5 18. Re4 Rfe8 19. Qd3 h6 20. Bh4 g5 21. Bg3 Rad8 22. Qc4 Kh8 23. c3 f5 24. Re2 f4 25. Bh2 Qc7 26. Rde1 Qf7 27. Bc2 Kg8 28. Qd3 Kf8 29. Qc4 Re7 30. Qc5 Kg8 31. Qxa5 f3 32. gxf3 Qxf3 33. Qxd8+ Kf7 34. Bg3 h5 35. Be4 Qf6 36. Bxd5 cxd5 37. Qd6 Qf5 38. Re3 h4 39. Be5 Bf8 40. Qd8 Kg6 41. Bd6 Rf7 42. R1e2 Bh6 43. Rxe6+ Kh5 44. Qe8 g4 45. R6e5 1-0

[Event "Visakhapatnam Vizag op"]
[Site "Visakhapatnam"]
[Date "2022.06.17"]
[Round "10"]
[White "Konguvel, Ponnuswamy"]
[Black "Azaladze, Shota"]
[Result "0-1"]
[WhiteElo "2299"]
[BlackElo "2429"]
[PlyCount "120"]
[EventDate "2022.06.10"]
[EventType "swiss"]
[EventRounds "10"]
[EventCountry "IND"]
[SourceTitle "CBM 208 Extra"]
[Source "ChessBase"]
[SourceDate "2022.07.31"]
[SourceVersion "1"]
[SourceVersionDate "2022.07.31"]
[SourceQuality "1"]

1. e4 e5 2. Nf3 Nc6 3. Bb5 a6 4. Ba4 d6 5. 0-0 Bd7 6. d4 Nf6 7. Re1 Be7 8. Bxc6 Bxc6 9. Nc3 exd4 10. Nxd4 0-0 11. Nxc6 bxc6 12. Qf3 Nd7 13. Bf4 Bf6 14. Rad1 Re8 15. b3 Qb8 16. Ne2 Qb4 17. c4 Ne5 18. Bxe5 Rxe5 19. Nd4 Qc5 20. Qd3 a5 21. a3 Ree8 22. Nc2 Qe5 23. g3 Re6 24. Kg2 Rb8 25. b4 Qc3 26. Re3 Qb2 27. Re2 Qc3 28. Re3 axb4 29. Nxb4 Qxd3 30. Rdxd3 Rb6 31. f4 g6 32. Kf3 Re8 33. Re2 Kg7 34. Rc2 c5 35. Nd5 Rc6 36. a4 Ra8 37. Ra2 Ra7 38. g4 h6 39. Kg3 Rca6 40. Rda3 Bd4 41. Kf3 Rb7 42. Rd3 Kf8 43. h4 c6 44. Ne3 Rb4 45. a5 Ke7 46. h5 Bxe3 47. Kxe3 gxh5 48. Rh2 Rxc4 49. Rxh5 Rxa5 50. Rxh6 Raa4 51. e5 Re4+ 52. Kd2 dxe5 53. Rxc6 Ra2+ 54. Kc3 Ra3+ 55. Kd2 Rxd3+ 56. Kxd3 Rd4+ 57. Ke3 Rxf4 58. Rxc5 Kd6 59. Ra5 Rxg4 60. Ra6+ Ke7 0-1

[Event "Visakhapatnam Vizag op"]
[Site "Visakhapatnam"]
[Date "2022.06.16"]
[Round "9"]
[White "Azaladze, Shota"]
[Black "Velpula, Sarayu"]
[Result "1-0"]
[WhiteElo "2429"]
[BlackElo "1896"]
[PlyCount "93"]
[EventDate "2022.06.10"]
[EventType "swiss"]
[EventRounds "10"]
[EventCountry "IND"]
[SourceTitle "CBM 208 Extra"]
[Source "ChessBase"]
[SourceDate "2022.07.31"]
[SourceVersion "1"]
[SourceVersionDate "2022.07.31"]
[SourceQuality "1"]

1. Nf3 Nf6 2. g3 g6 3. Bg2 Bg7 4. 0-0 0-0 5. d4 d6 6. c4 c5 7. Nc3 Nc6 8. dxc5 dxc5 9. Be3 Qa5 10. Qa4 Qxa4 11. Nxa4 b6 12. Rad1 Bd7 13. Nc3 Rad8 14. Bf4 Rc8 15. Ne5 Nxe5 16. Bxe5 Bc6 17. Rd3 Bxg2 18. Kxg2 Rfd8 19. Rfd1 Rxd3 20. Rxd3 Ne8 21. Nd5 Bf8 22. Ra3 e6 23. Nf6+ Nxf6 24. Bxf6 Rc7 25. Rd3 Be7 26. Bxe7 Rxe7 27. Rd8+ Kg7 28. g4 h6 29. b3 f5 30. Kg3 Kf6 31. h4 e5 32. e3 Rc7 33. Rd6+ Kg7 34. h5 gxh5 35. gxf5 Kh7 36. Re6 Rg7+ 37. Kh3 Rf7 38. e4 Kg7 39. Rxe5 Kf6 40. f4 Rd7 41. Re6+ Kg7 42. f6+ Kg6 43. e5 Rd3+ 44. Kg2 Rd2+ 45. Kg3 Rd3+ 46. Kf2 h4 47. Re7 1-0

[Event "Visakhapatnam Vizag op"]
[Site "Visakhapatnam"]
[Date "2022.06.10"]
[Round "1"]
[White "Azaladze, Shota"]
[Black "Dhruva, Thota"]
[Result "1-0"]
[WhiteElo "2429"]
[BlackElo "1696"]
[PlyCount "63"]
[EventDate "2022.06.10"]
[EventType "swiss"]
[EventRounds "10"]
[EventCountry "IND"]
[SourceTitle "CBM 208 Extra"]
[Source "ChessBase"]
[SourceDate "2022.07.31"]
[SourceVersion "1"]
[SourceVersionDate "2022.07.31"]
[SourceQuality "1"]

1. Nf3 Nf6 2. g3 g6 3. b3 Bg7 4. Bb2 0-0 5. Bg2 a5 6. c4 c6 7. 0-0 d5 8. d3 b6 9. Nbd2 Bb7 10. e4 dxe4 11. dxe4 Nfd7 12. Bxg7 Kxg7 13. e5 Nc5 14. Re1 a4 15. Re3 axb3 16. axb3 Nba6 17. Qc1 Ne6 18. Qc3 c5 19. h4 Nb4 20. Rxa8 Qxa8 21. Bh3 Nc6 22. Bxe6 fxe6 23. Rd3 h6 24. h5 g5 25. Rd7 Qc8 26. Qd3 Rf5 27. g4 Rf7 28. Qg6+ Kf8 29. Qxh6+ Ke8 30. Rd3 Nb4 31. Re3 Nc2 32. Qg6 1-0

[Event "Bhubaneswar op-A 13th"]
[Site "Bhubaneswar"]
[Date "2022.05.26"]
[Round "7"]
[White "Savchenko, Boris"]
[Black "Azaladze, Shota"]
[Result "1-0"]
[WhiteElo "2524"]
[BlackElo "2420"]
[PlyCount "93"]
[EventDate "2022.05.22"]
[EventType "swiss"]
[EventRounds "10"]
[EventCountry "IND"]
[SourceTitle "CBM 208 Extra"]
[Source "ChessBase"]
[SourceDate "2022.07.31"]
[SourceVersion "1"]
[SourceVersionDate "2022.07.31"]
[SourceQuality "1"]

1. e4 c5 2. Nf3 Nf6 3. e5 Nd5 4. Nc3 Nxc3 5. dxc3 Nc6 6. Bf4 e6 7. h4 Be7 8. Bc4 h6 9. Qe2 b6 10. 0-0-0 Qc7 11. Rd2 Bb7 12. Rhd1 0-0-0 13. Kb1 Rhg8 14. Bg3 Na5 15. Bd3 Kb8 16. h5 Bc6 17. Ba6 g6 18. hxg6 fxg6 19. a3 c4 20. Nd4 Bb7 21. Bxb7 Nxb7 22. f4 a6 23. Bf2 Rgf8 24. Qg4 Nc5 25. Qxg6 Rxf4 26. Be3 Rff8 27. Bxh6 Rg8 28. Qf7 Bg5 29. Bxg5 Rxg5 30. Qe7 Rdg8 31. Nxe6 dxe6 32. Rd8+ Kb7 33. R8d7 Nxd7 34. Rxd7 Qxd7 35. Qxd7+ Kb8 36. Qc6 Rc8 37. Qxb6+ Ka8 38. Qxa6+ Kb8 39. Qb6+ Ka8 40. Qxe6 Rc7 41. g4 Kb7 42. a4 Rgg7 43. a5 Rc6 44. Qd5 Kc7 45. Ka2 Rxg4 46. e6 Rg8 47. Qd7+ 1-0

[Event "Bhubaneswar op-A 13th"]
[Site "Bhubaneswar"]
[Date "2022.05.24"]
[Round "3"]
[White "Aaditya, Dhingra"]
[Black "Azaladze, Shota"]
[Result "0-1"]
[WhiteElo "2042"]
[BlackElo "2420"]
[PlyCount "98"]
[EventDate "2022.05.22"]
[EventType "swiss"]
[EventRounds "10"]
[EventCountry "IND"]
[SourceTitle "CBM 208 Extra"]
[Source "ChessBase"]
[SourceDate "2022.07.31"]
[SourceVersion "1"]
[SourceVersionDate "2022.07.31"]
[SourceQuality "1"]

1. e4 g6 2. d4 Bg7 3. Nf3 c6 4. Nc3 d6 5. Be3 Nf6 6. Qd2 0-0 7. h3 b5 8. a3 a6 9. Be2 Qc7 10. 0-0 Nbd7 11. Rad1 c5 12. dxc5 Nxc5 13. Bxc5 Qxc5 14. Bd3 Bb7 15. Rfe1 Nd7 16. Nd5 Rfe8 17. b4 Qc8 18. Qg5 Bxd5 19. exd5 Bf6 20. Qh6 Qc7 21. Re4 Bg7 22. Qg5 Nf6 23. Rd4 Qc3 24. Qc1 Rec8 25. Re1 Ra7 26. g4 a5 27. g5 Nd7 28. Rde4 axb4 29. axb4 Nb6 30. Qe3 Rb7 31. Rxe7 Rxe7 32. Qxe7 Nxd5 33. Qxd6 Nxb4 34. Qd7 Nxd3 35. cxd3 b4 36. Kg2 b3 37. Re8+ Rxe8 38. Qxe8+ Bf8 39. Ne5 Qc7 40. Nd7 Qd6 41. Nf6+ Kg7 42. Qb5 Qc5 43. Ne8+ Kh8 44. Qxb3 Qc6+ 45. Kf1 Qxe8 46. Qc3+ Bg7 47. Qc7 Kg8 48. Qd6 Qe5 49. Qd8+ Bf8 0-1

[Event "Bhubaneswar op-A 13th"]
[Site "Bhubaneswar"]
[Date "2022.05.22"]
[Round "1"]
[White "Anish, Rooj"]
[Black "Azaladze, Shota"]
[Result "0-1"]
[WhiteElo "1711"]
[BlackElo "2420"]
[PlyCount "86"]
[EventDate "2022.05.22"]
[EventType "swiss"]
[EventRounds "10"]
[EventCountry "IND"]
[SourceTitle "CBM 208 Extra"]
[Source "ChessBase"]
[SourceDate "2022.07.31"]
[SourceVersion "1"]
[SourceVersionDate "2022.07.31"]
[SourceQuality "1"]

1. d4 g6 2. Bf4 Bg7 3. e3 d6 4. Nd2 e5 5. dxe5 dxe5 6. Bg3 Ne7 7. Nc4 Qxd1+ 8. Rxd1 Nbc6 9. Nf3 f6 10. e4 Be6 11. a3 Kf7 12. Be2 Rad8 13. 0-0 h5 14. h4 Bh6 15. b4 Nc8 16. c3 Nd6 17. Nxd6+ Rxd6 18. c4 Rhd8 19. Rxd6 Rxd6 20. c5 Rd8 21. Ra1 Bg4 22. Bc4+ Be6 23. Be2 Ke7 24. Kf1 Bg4 25. Rb1 Bxf3 26. gxf3 Rd2 27. Rd1 Nd4 28. Rxd2 Bxd2 29. Bd1 c6 30. f4 exf4 31. Bh2 Ke6 32. f3 Ke5 33. Bg1 Be3 34. Bf2 Bxf2 35. Kxf2 f5 36. exf5 Nxf5 37. Bb3 Nxh4 38. Bf7 Kf6 39. Bc4 Nf5 40. a4 Nd4 41. Bd3 g5 42. b5 Nb3 43. b6 a5 0-1

[Event "Titled Tuesday intern op 18th May"]
[Site "Chess.com INT"]
[Date "2021.05.18"]
[Round "1"]
[White "Akhayan, Ruben"]
[Black "Azaladze, Shota"]
[Result "0-1"]
[WhiteElo "2259"]
[BlackElo "2445"]
[PlyCount "84"]
[EventDate "2021.05.18"]
[EventType "swiss (blitz)"]
[EventRounds "11"]
[EventCountry "USA"]
[SourceTitle "CBM 202 Extra"]
[Source "ChessBase"]
[SourceDate "2021.07.31"]
[SourceVersion "1"]
[SourceVersionDate "2021.07.31"]
[SourceQuality "1"]

1. d4 Nf6 2. Nf3 g6 3. c4 Bg7 4. Nc3 d6 5. e4 0-0 6. Be2 Bg4 7. 0-0 Bxf3 8. Bxf3 Nfd7 9. e5 Nc6 10. exd6 exd6 11. Be3 Re8 12. Qd2 a6 13. Rad1 Rb8 14. b3 Ne7 15. Bg5 Qc8 16. Rfe1 Nf5 17. Rxe8+ Qxe8 18. Re1 Qf8 19. Bg4 Re8 20. Bxf5 gxf5 21. Rxe8 Qxe8 22. Qe3 Qe6 23. Nd5 Bxd4 24. Qxe6 fxe6 25. Nxc7 Kf7 26. Kf1 Bb6 27. Na8 Ba5 28. a3 Bc3 29. b4 Bb2 30. a4 Ba3 31. b5 Bc5 32. bxa6 bxa6 33. Nc7 Nb8 34. Be3 Bxe3 35. fxe3 Ke7 36. Na8 Kd7 37. Nb6+ Kc6 38. a5 Kc5 39. Ke2 Nc6 40. Nd7+ Kxc4 41. Nf8 Nxa5 42. Nxe6 Nb3 0-1

[Event "Titled Tuesday intern op 18th May"]
[Site "Chess.com INT"]
[Date "2021.05.18"]
[Round "2"]
[White "Azaladze, Shota"]
[Black "Cruz Mendez, Jean Marcos"]
[Result "0-1"]
[WhiteElo "2445"]
[BlackElo "2018"]
[PlyCount "60"]
[EventDate "2021.05.18"]
[EventType "swiss (blitz)"]
[EventRounds "11"]
[EventCountry "USA"]
[SourceTitle "CBM 202 Extra"]
[Source "ChessBase"]
[SourceDate "2021.07.31"]
[SourceVersion "1"]
[SourceVersionDate "2021.07.31"]
[SourceQuality "1"]

1. Nf3 Nf6 2. g3 g6 3. b3 Bg7 4. Bb2 0-0 5. Bg2 d6 6. d4 b5 7. Ne5 d5 8. Nd2 Bb7 9. 0-0 Nbd7 10. c4 bxc4 11. bxc4 Rb8 12. Rb1 Nxe5 13. dxe5 Ng4 14. e4 dxe4 15. Nxe4 Nxe5 16. Qa4 a6 17. Rfd1 Qc8 18. Bxe5 Bxe5 19. Nc5 Bxg2 20. Kxg2 Qf5 21. Rxb8 Rxb8 22. Nxa6 Rb2 23. Rf1 Bd4 24. Qe8+ Kg7 25. Qxe7 Rxf2+ 26. Rxf2 Qxf2+ 27. Kh3 Qf1+ 28. Kg4 Qf5+ 29. Kh4 Bf6+ 30. Qxf6+ Qxf6+ 0-1

[Event "GEO-ch 80th"]
[Site "Tbilisi"]
[Date "2021.04.26"]
[Round "6"]
[White "Azaladze, Shota"]
[Black "Gagunashvili, Merab"]
[Result "0-1"]
[WhiteElo "2439"]
[BlackElo "2584"]
[PlyCount "88"]
[EventDate "2021.04.20"]
[EventType "tourn"]
[EventRounds "9"]
[EventCountry "GEO"]
[EventCategory "10"]
[SourceTitle "CBM 202 Extra"]
[Source "ChessBase"]
[SourceDate "2021.07.31"]
[SourceVersion "1"]
[SourceVersionDate "2021.07.31"]
[SourceQuality "1"]

1. Nf3 d5 2. g3 Nc6 3. Bg2 e5 4. d3 Nf6 5. 0-0 Be7 6. e4 dxe4 7. dxe4 Qxd1 8. Rxd1 Bg4 9. Re1 0-0-0 10. c3 Nxe4 11. Nxe5 Nxe5 12. Bxe4 f5 13. Bg2 Bf6 14. Na3 Nd3 15. Re6 f4 16. Re4 Bf5 17. Rxf4 Nxc1 18. Rxc1 Bg5 19. Rxf5 Bxc1 20. Bh3 Kb8 21. Nc4 Rhf8 22. a4 Rxf5 23. Bxf5 g6 24. Be4 c6 25. a5 Kc7 26. Kf1 b5 27. axb6+ axb6 28. b4 b5 29. Na5 Rd6 30. Ke2 Bb2 31. Bxc6 Rxc6 32. Nxc6 Kxc6 33. Kd3 Kd5 34. Kc2 Ba3 35. f3 g5 36. h4 gxh4 37. gxh4 h5 38. Kd2 Ke5 39. Kd3 Kf4 40. c4 bxc4+ 41. Kxc4 Kxf3 42. b5 Be7 43. b6 Bxh4 44. b7 Bg3 0-1

[Event "GEO-ch 80th"]
[Site "Tbilisi"]
[Date "2021.04.20"]
[Round "1"]
[White "Pantsulaia, Levan"]
[Black "Azaladze, Shota"]
[Result "1-0"]
[WhiteElo "2553"]
[BlackElo "2439"]
[PlyCount "203"]
[EventDate "2021.04.20"]
[EventType "tourn"]
[EventRounds "9"]
[EventCountry "GEO"]
[EventCategory "10"]
[SourceTitle "CBM 202 Extra"]
[Source "ChessBase"]
[SourceDate "2021.07.31"]
[SourceVersion "1"]
[SourceVersionDate "2021.07.31"]
[SourceQuality "1"]

1. c4 c5 2. Nc3 Nc6 3. Nf3 e5 4. g3 g6 5. Bg2 Bg7 6. d3 Nge7 7. a3 d6 8. Rb1 a5 9. 0-0 0-0 10. Bd2 h6 11. Ne1 Be6 12. Nc2 d5 13. cxd5 Nxd5 14. Ne3 Nde7 15. Na4 b6 16. b4 cxb4 17. axb4 Ra7 18. bxa5 bxa5 19. Nc5 Bc8 20. Nc4 Nd4 21. e3 Ne6 22. Rb5 Nxc5 23. Rxc5 Qxd3 24. Bxa5 Qxd1 25. Rxd1 Bg4 26. Bb6 Ra6 27. Rc1 Be6 28. Bc7 f6 29. Na5 Bf7 30. Bb7 Re6 31. Rd1 Re8 32. Rcc1 e4 33. Nb3 f5 34. Nc5 Rf6 35. Rd7 Be6 36. Rd8 Rxd8 37. Bxd8 Kf7 38. Ra1 Bc4 39. Rd1 Bb5 40. h4 Bc6 41. Ba6 Ke8 42. Bc4 Bf8 43. Bc7 Nd5 44. Bxd5 Bxc5 45. Be5 Bxd5 46. Bxf6 Be6 47. Rd8+ Kf7 48. Bd4 Be7 49. Ra8 Bc4 50. Rc8 Be2 51. Rc2 Bb5 52. Rb2 Bc4 53. Rb7 Ke8 54. Rb6 Kf7 55. h5 gxh5 56. Rxh6 Be2 57. f4 exf3 58. Kf2 Bg5 59. Rxh5 Kg6 60. Rh8 Be7 61. Rb8 Kf7 62. Rb6 Bd8 63. Rh6 Bg5 64. Rh7+ Ke6 65. Rh5 Bd8 66. e4 fxe4 67. Re5+ Kf7 68. Rxe4 Bg5 69. Re5 Bd8 70. Rd5 Be7 71. Kg1 Kg6 72. Kh2 Bg5 73. Kh3 Be7 74. Bf2 Bg5 75. Rd6+ Kf7 76. Rc6 Bf6 77. g4 Bg5 78. Kg3 Kg7 79. Re6 Kf7 80. Re5 Kg6 81. Rf5 Bd1 82. Bd4 Be2 83. Re5 Bd2 84. Re6+ Kf7 85. Rf6+ Ke7 86. Rf5 Ke6 87. Bf2 Bh6 88. Kh4 Bd2 89. Kh5 Bc1 90. Ra5 Bf4 91. Ra8 Ke7 92. Kg6 Bd3+ 93. Kg7 Be2 94. Ra5 Ke6 95. g5 Bd2 96. Rc5 Bb4 97. Rc8 Bd6 98. g6 Bd3 99. Re8+ Kf5 100. Re3 Be4 101. Kh7 Kf4 102. Rxe4+ 1-0

[Event "GEO-ch 1st League 80th"]
[Site "Tbilisi"]
[Date "2021.04.06"]
[Round "9"]
[White "Arabidze, Meri"]
[Black "Azaladze, Shota"]
[Result "1-0"]
[WhiteElo "2437"]
[BlackElo "2439"]
[PlyCount "173"]
[EventDate "2021.03.29"]
[EventType "swiss"]
[EventRounds "9"]
[EventCountry "GEO"]
[SourceTitle "CBM 202 Extra"]
[Source "ChessBase"]
[SourceDate "2021.07.31"]
[SourceVersion "1"]
[SourceVersionDate "2021.07.31"]
[SourceQuality "1"]

1. d4 d5 2. c4 e6 3. Nf3 Nf6 4. g3 Be7 5. Bg2 0-0 6. 0-0 Nbd7 7. Qc2 c6 8. b3 b6 9. Bb2 Bb7 10. Nc3 Rc8 11. e4 dxe4 12. Nxe4 c5 13. Nxf6+ Bxf6 14. Ng5 Bxg5 15. Bxb7 Rc7 16. Be4 f5 17. Bg2 cxd4 18. Bxd4 Bf6 19. Rad1 Qe7 20. Be3 b5 21. Rfe1 bxc4 22. Bf4 e5 23. Qxf5 c3 24. Be3 g6 25. Qd3 Kg7 26. Rc1 Rfc8 27. Qb5 Nf8 28. Bh3 Ne6 29. f4 e4 30. Qd5 Re8 31. Qxe4 Nd4 32. Qxd4 c2 33. Qd2 Rd8 34. Qf2 Qe4 35. Bg2 Qd3 36. Bf1 Qe4 37. Bc4 Bc3 38. Rf1 Re8 39. Rxc2 Qxe3 40. Qxe3 Rxe3 41. Rd1 Ba5 42. Kg2 h5 43. Rd6 Rce7 44. Bd3 h4 45. Rxg6+ Kf7 46. Bf5 Re2+ 47. Kh3 Bb6 48. Rh6 Rxc2 49. Bxc2 Re2 50. Bd3 Rxa2 51. Rxh4 Bg1 52. Kg4 Bxh2 53. Kf3 Bg1 54. Rh7+ Kg8 55. Rh1 Bb6 56. g4 a5 57. Bb5 Rf2+ 58. Kg3 Rc2 59. Rf1 Kg7 60. g5 Bc7 61. Ba4 Kg6 62. Be8+ Kf5 63. Bd7+ Kg6 64. Rf3 Rd2 65. Bb5 Rd4 66. Kg4 Kg7 67. Ba4 Kg6 68. Be8+ Kg7 69. Kf5 Bb8 70. Kg4 Rd8 71. Ba4 Rd4 72. Bc6 Kg6 73. Be8+ Kg7 74. Kf5 Rd8 75. Re3 Rd5+ 76. Ke4 Rd1 77. f5 Kf8 78. Bb5 Rg1 79. Rc3 Rg4+ 80. Kd5 Bg3 81. Rc8+ Kf7 82. Be8+ Kg7 83. f6+ Kh7 84. g6+ Kh6 85. Bf7 Rg5+ 86. Ke6 Re5+ 87. Kd7 1-0

[Event "GEO-ch 1st League 80th"]
[Site "Tbilisi"]
[Date "2021.04.02"]
[Round "5"]
[White "Morchiashvili, Bachana"]
[Black "Azaladze, Shota"]
[Result "1/2-1/2"]
[WhiteElo "2313"]
[BlackElo "2439"]
[PlyCount "62"]
[EventDate "2021.03.29"]
[EventType "swiss"]
[EventRounds "9"]
[EventCountry "GEO"]
[SourceTitle "CBM 202 Extra"]
[Source "ChessBase"]
[SourceDate "2021.07.31"]
[SourceVersion "1"]
[SourceVersionDate "2021.07.31"]
[SourceQuality "1"]

1. d4 d5 2. c4 c6 3. Nf3 Nf6 4. cxd5 cxd5 5. Nc3 Nc6 6. Bf4 Bf5 7. e3 e6 8. Bd3 Bxd3 9. Qxd3 Bd6 10. Bxd6 Qxd6 11. 0-0 0-0 12. Rfc1 Rfc8 13. Ne2 Ne7 14. h3 a6 15. a3 h6 16. Rxc8+ Rxc8 17. Rc1 Rxc1+ 18. Nxc1 Ne4 19. Qc2 Qc6 20. Qxc6 Nxc6 21. Nd3 Kf8 22. Kf1 Ke7 23. Ke2 g5 24. Nfe5 Nxe5 25. Nxe5 f6 26. Nd3 b6 27. f3 Nd6 28. b3 a5 29. Kd2 Kd7 30. a4 Ke7 31. g4 Kd7 1/2-1/2

[Event "GEO-ch 1st League 80th"]
[Site "Tbilisi"]
[Date "2021.03.31"]
[Round "3"]
[White "Lortkipanidze, Nodar"]
[Black "Azaladze, Shota"]
[Result "1/2-1/2"]
[WhiteElo "2416"]
[BlackElo "2439"]
[PlyCount "179"]
[EventDate "2021.03.29"]
[EventType "swiss"]
[EventRounds "9"]
[EventCountry "GEO"]
[SourceTitle "CBM 202 Extra"]
[Source "ChessBase"]
[SourceDate "2021.07.31"]
[SourceVersion "1"]
[SourceVersionDate "2021.07.31"]
[SourceQuality "1"]

1. e4 c5 2. c3 Nf6 3. e5 Nd5 4. Nf3 Nc6 5. d4 cxd4 6. cxd4 d6 7. Bc4 Nb6 8. Bb5 Bd7 9. Nc3 dxe5 10. dxe5 g6 11. a4 a6 12. Be2 Bg4 13. Be3 Qxd1+ 14. Rxd1 Nd7 15. h3 Bxf3 16. e6 fxe6 17. Bxf3 Nde5 18. Be2 Bg7 19. 0-0 Rd8 20. Ne4 Nf7 21. Nc5 Rxd1 22. Rxd1 Nd6 23. Bf3 Kf7 24. b3 Rc8 25. g4 Rc7 26. Kg2 Nb4 27. Ne4 Nxe4 28. Bxe4 Nd5 29. Bxd5 exd5 30. Rxd5 Rc3 31. b4 Ke6 32. Rd8 Rc4 33. b5 Rxa4 34. Rb8 axb5 35. Rxb7 b4 36. Bc5 Bc3 37. Rxe7+ Kd5 38. Bxb4 Rxb4 39. Rxh7 Ke6 40. Rc7 Be5 41. Rc2 Bd6 42. Re2+ Kf7 43. Rd2 Be7 44. Re2 Bh4 45. Rc2 Kf6 46. Re2 Rf4 47. Kg1 Kg5 48. Re5+ Kh6 49. Re2 Rf7 50. Kg2 Kg5 51. Ra2 Kf4 52. Ra6 g5 53. Ra4+ Ke5 54. Ra5+ Kd6 55. Ra2 Rf4 56. Rb2 Kd5 57. Ra2 Rf8 58. Rb2 Kc4 59. Ra2 Kb3 60. Re2 Kc3 61. Ra2 Re8 62. Kf3 Re1 63. Kg2 Rd1 64. Re2 Rd4 65. Ra2 Kb3 66. Re2 Rd7 67. Kf3 Ra7 68. Kg2 Kc3 69. Kf1 Kd3 70. Rb2 Ra1+ 71. Kg2 Re1 72. Kf3 Re8 73. Ra2 Rf8+ 74. Kg2 Rf7 75. Rb2 Re7 76. Kf3 Ra7 77. Kg2 Kc3 78. Re2 Kd3 79. Rb2 Ra3 80. Kf1 Ra1+ 81. Kg2 Re1 82. Kf3 Rd1 83. Kg2 Rd2 84. Rxd2+ Kxd2 85. f4 gxf4 86. Kf3 Bg5 87. h4 Bxh4 88. Kxf4 Kd3 89. g5 Bxg5+ 90. Kxg5 1/2-1/2

[Event "GEO-ch 1st League 80th"]
[Site "Tbilisi"]
[Date "2021.03.30"]
[Round "2"]
[White "Azaladze, Shota"]
[Black "Donghvani, Nia"]
[Result "1-0"]
[WhiteElo "2439"]
[BlackElo "1985"]
[PlyCount "106"]
[EventDate "2021.03.29"]
[EventType "swiss"]
[EventRounds "9"]
[EventCountry "GEO"]
[SourceTitle "CBM 202 Extra"]
[Source "ChessBase"]
[SourceDate "2021.07.31"]
[SourceVersion "1"]
[SourceVersionDate "2021.07.31"]
[SourceQuality "1"]

1. b3 c5 2. Bb2 Nc6 3. f4 d5 4. Nf3 d4 5. g3 Nf6 6. Bg2 g6 7. 0-0 Bg7 8. Na3 0-0 9. Nc4 Rb8 10. e3 Bf5 11. Re1 d3 12. cxd3 Bxd3 13. Nfe5 Nb4 14. a3 Na6 15. Nxd3 Qxd3 16. Be5 Nd7 17. Bxb8 Bxa1 18. Bxa7 b5 19. Bf1 Qe4 20. Na5 Bf6 21. Bxb5 Qa8 22. Bxd7 Qxa7 23. Bg4 Nc7 24. Nc4 Rd8 25. Bf3 h5 26. Qc2 Kg7 27. Rc1 e6 28. Kf2 Nd5 29. Ke2 Qa6 30. Ke1 Nb6 31. Nxb6 Qxb6 32. Qc4 Bb2 33. Qxc5 Qxb3 34. Rb1 Qxa3 35. Qxa3 Bxa3 36. Ke2 Rc8 37. Rb7 Rc2 38. Rb3 Ra2 39. Be4 Be7 40. Bb1 Ra7 41. d4 Ra3 42. Rb7 Bf8 43. h3 Ra4 44. Be4 Rb4 45. Rc7 Rb2+ 46. Kf3 Rd2 47. Rb7 Ra2 48. Bc6 Kf6 49. Be8 Be7 50. g4 hxg4+ 51. hxg4 e5 52. dxe5+ Ke6 53. Rb6+ Kd5 1-0

[Event "Titled Tuesday intern op 15st Dec"]
[Site "Chess.com INT"]
[Date "2020.12.15"]
[Round "1"]
[White "Azaladze, Shota"]
[Black "Seletsky, Grigory"]
[Result "1-0"]
[WhiteElo "2439"]
[BlackElo "2272"]
[PlyCount "85"]
[EventDate "2020.12.15"]
[EventType "swiss (blitz)"]
[EventRounds "11"]
[EventCountry "USA"]
[SourceTitle "CBM 199 Extra"]
[Source "ChessBase"]
[SourceDate "2021.01.31"]
[SourceVersion "1"]
[SourceVersionDate "2021.01.31"]
[SourceQuality "1"]

1. Nf3 d5 2. g3 c6 3. Bg2 g6 4. 0-0 Bg7 5. d3 Nf6 6. Nbd2 0-0 7. e4 Nbd7 8. e5 Ne8 9. Re1 Nb6 10. Qe2 Bg4 11. h3 Bxf3 12. Nxf3 Nc7 13. h4 f6 14. h5 g5 15. a4 h6 16. a5 Nd7 17. exf6 exf6 18. Nd4 f5 19. Ne6 Nxe6 20. Qxe6+ Rf7 21. a6 Nf8 22. Qe2 b6 23. Bd2 Qd6 24. c3 Rd8 25. d4 Rdd7 26. Bh3 b5 27. Qd3 Qf6 28. Re2 g4 29. Bg2 Nh7 30. Rae1 Ng5 31. Bxg5 Qxg5 32. Re6 Rf6 33. Re7 Rxe7 34. Rxe7 Rf7 35. Re8+ Bf8 36. b3 Qxh5 37. c4 bxc4 38. bxc4 f4 39. Re5 dxc4 40. Qe4 Qxe5 41. dxe5 f3 42. Qxg4+ Bg7 43. Bxf3 1-0